000 00538cab a2200217 4500
001 X2267
008 090401t1995 xxu||||| |||| 00| 0 eng d
035 _a(Sirsi) u23035
041 _aeng
245 2 _aA new era?
260 _c1995
350 _a0
490 _aCSM (Chartered Surveyor Monthly)
_v4(6) April 1995, 54(1)
650 _aAMSTERDAM
650 _aAPC
_96216
650 _aAPC
_96216
650 _aBRANCH VISITS
690 _aMANAGEMENT-BUSINESS MANAGEMENT-PROFESSIONAL PRACTICE
942 _n0
948 _c04/03/1997
999 _c15437
_d15437